000 00323nam a2200145Ia 4500
008 191201s2013 xx 000 0 und d
082 _a658
_bKOE
100 _aKOONTZ, Harold
245 0 _aEssentials of Management
250 _aRep
260 _aN. delhi
_bTMH
_c2013
300 _a500
650 _aBBA
942 _2ddc
_cBK
999 _c5927
_d5927